| 000 | 00418nam a2200157 a 4500 | ||
|---|---|---|---|
| 001 | 5751 | ||
| 003 | CDMR | ||
| 005 | 20131023135525.0 | ||
| 008 | 130130s ||||||||||||||||||||||||||||d | ||
| 040 |
_aCDMR _bcat _cCDMR |
||
| 245 | 0 | _aImportation of films for cinema and television in Egypt | |
| 260 |
_aParis _bUnesco |
||
| 490 | 0 |
_aCommunication and society _v7 |
|
| 650 | 0 | 4 |
_93092 _aIndústria audiovisual |
| 942 |
_cMON _2udc |
||
| 999 |
_c5751 _d5751 |
||